000 00670nam a2200229Ia 4500
005 20250508162647.0
008 008 250505s9999 xx 000 0 eng d
020 _a0-86187-217-7
037 _aTextual
040 _aFEDL
_beng
_cFEDL
041 _aeng
_2eng
084 _a001.4225, MCK
_qFEDL
100 _aMcKay David
245 0 _aData analysis and the social sciences
260 _aLondon, UK
_bFrances Printer
_c1983
300 _a291p.
365 _aGBP
_b18.5
650 _aSocial Sciences-Statistical method
_9773729
700 _a Schofield Norman Whiteley Paul
_9773730
942 _cTEXL
_h001.4225, MCK
999 _c1377906
_d1377906